Kultúrna diplomacia vybraných členských štátov EÚ v 21. storočí bakalárska práca

Gespeichert in:
Bibliographische Detailangaben
1. Verfasser: Schlossárová, Denisa
Körperschaft: Fakulta medzinárodných vzťahov EU. Katedra medzinárodných ekonomických vzťahov a hospodárskej diplomacie
Weitere Verfasser: Čiefová, Michaela, 1991-
Format: Buch
Sprache:Slowakisch
Veröffentlicht: Bratislava 2019
Tags: Tag hinzufügen
Keine Tags, Fügen Sie das erste Tag hinzu!

MARC

LEADER 00000nbm a2200000 4500
001 0255147
005 20190813100547.5
041 0 |a slo 
044 |a SK 
245 1 0 |a Kultúrna diplomacia vybraných členských štátov EÚ v 21. storočí  |b bakalárska práca  |c Denisa Schlossárová ; školiteľ: Michaela Čiefová 
264 1 |a Bratislava  |c 2019 
300 |a 53 s. 
100 1 |a Schlossárová, Denisa 
700 1 |a Čiefová, Michaela, 1991- 
710 2 |a Fakulta medzinárodných vzťahov EU. Katedra medzinárodných ekonomických vzťahov a hospodárskej diplomacie